|
|
|
|
| LEADER |
01429nam a2200313 a 4500 |
| 001 |
7249 |
| 003 |
BD-DhAAL |
| 008 |
090909s1990 cau b 000 0 eng d |
| 010 |
|
|
|a 90024568
|
| 020 |
|
|
|a 0803935153
|
| 020 |
|
|
|a 0803935161 (pbk.)
|
| 040 |
|
|
|a DLC
|c DLC
|d DLC
|d BD-DhAAL
|
| 082 |
0 |
0 |
|a 362.8280973
|2 20
|
| 245 |
0 |
0 |
|a Family preservation services :
|b research and evaluation /
|c edited by Kathleen Wells, David E. Biegel.
|
| 260 |
|
|
|a Newbury Park, Calif. ;
|a London ;
|a New Delhi :
|b Sage Publications,
|c c1991.
|
| 300 |
|
|
|a xxiii, 261 pages ;
|c 22 cm
|
| 490 |
0 |
|
|a Sage focus editions ;
|v 129
|
| 504 |
|
|
|a Includes bibliographical references.
|
| 541 |
1 |
|
|e 7249, 43587
|a Savar Campus Library
|
| 650 |
|
0 |
|a Child welfare
|z United States.
|9 57008
|
| 650 |
|
0 |
|a Family social work
|z United States.
|9 8317
|
| 700 |
1 |
|
|a Wells, Kathleen.
|9 57009
|
| 700 |
1 |
|
|a Biegel, David E.
|9 57010
|
| 830 |
|
|
|a Sage focus editions ;
|v 129
|9 10585
|
| 852 |
4 |
|
|a Ayesha Abed Library
|c General Stacks
|
| 942 |
|
|
|2 ddc
|c BK
|
| 999 |
|
|
|c 3808
|d 3808
|
| 952 |
|
|
|0 0
|1 0
|2 ddc
|4 0
|6 362_828097300000000_FAM_1991
|7 0
|9 3460
|a BRACUL
|b BRACUL
|c GEN
|d 2009-09-06
|g 0.00
|l 0
|o 362.8280973 FAM
|p 3010007249
|r 2009-09-06
|t 1
|w 2009-09-06
|y BK
|x No price found in the accession register.
|
| 952 |
|
|
|0 0
|1 0
|2 ddc
|4 0
|6 362_828097300000000_FAM
|7 0
|9 76713
|a SCL
|b SCL
|c GEN
|d 2024-10-21
|e Savar Campus Library
|l 0
|o 362.8280973 FAM
|p 3020043587
|r 2024-10-21
|t 2
|w 2024-10-21
|y BK
|x Savar Campus Library
|